Aceleración, prognosis y secularización / (Record no. 179050)

MARC details
000 -LEADER
campo de control de longitud fija 01068nam a2200289 i 4500
001 - NÚMERO DE CONTROL
campo de control 179050
003 - IDENTIFICADOR DE NÚMERO DE CONTROL
campo de control ES-MaACL
005 - FECHA Y HORA DE LA ÚLTIMA TRANSACCIÓN
campo de control 20250904234819.0
008 - DATOS DE LONGITUD FIJA--INFORMACIÓN GENERAL
campo de control de longitud fija 110824s2003 sp |||| | spa d
020 ## - NÚMERO INTERNACIONAL ESTÁNDAR DEL LIBRO
Número Internacional Estándar del Libro 84-8191-526-2
080 ## - NÚMERO DE LA CLASIFICACIÓN DECIMAL UNIVERSAL
Número de la Clasificación Decimal Universal 261.6
080 ## - NÚMERO DE LA CLASIFICACIÓN DECIMAL UNIVERSAL
Número de la Clasificación Decimal Universal 21
100 1# - ENTRADA PRINCIPAL--NOMBRE DE PERSONA
Nombre de persona Koselleck, Reinhart.
9 (RLIN) 68626
245 10 - MENCIÓN DEL TÍTULO
Título Aceleración, prognosis y secularización /
Mención de responsabilidad, etc. Reinhart Koselleck ; traducción, introducción y notas de Faustino Oncina Coves.
250 ## - MENCION DE EDICION
Mención de edición 1ª ed.
260 ## - PUBLICACIÓN, DISTRIBUCIÓN, ETC.
Lugar de publicación, distribución, etc. Valencia :
Nombre del editor, distribuidor, etc. Pre-Textos,
Fecha de publicación, distribución, etc. 2003.
300 ## - DESCRIPCIÓN FÍSICA
Extensión 96 p. ;
Dimensiones 19 cm.
490 1# - MENCIÓN DE SERIE
Mención de serie Pre-textos ;
Designación de volumen o secuencia 633.
Mención de serie Ensayo
650 07 - PUNTO DE ACCESO ADICIONAL DE MATERIA--TÉRMINO DE MATERIA
Término de materia o nombre geográfico como elemento de entrada Secularización (Teología)
Fuente del encabezamiento o término embne
9 (RLIN) 17005
650 07 - PUNTO DE ACCESO ADICIONAL DE MATERIA--TÉRMINO DE MATERIA
Término de materia o nombre geográfico como elemento de entrada Religión y filosofía
Fuente del encabezamiento o término embne
9 (RLIN) 16811
700 1# - ENTRADA AGREGADA--NOMBRE PERSONAL
Nombre de persona Oncina Coves, Faustino.
9 (RLIN) 87056
830 0# - PUNTO DE ACCESO ADICIONAL DE SERIE-TÍTULO UNIFORME
Título uniforme Pre-textos ;
Designación de volumen o secuencia 633.
Título uniforme Ensayo
9 (RLIN) 179721
852 ## - LOCALIZACIÓN
Ubicación ES-MaACL
Número de control de estantería A-11436
itemnumber 185919
Sublocalización o colección R.145772
Ubicación en estantería Depósito 1
Signatura antigua Olim: N-4440
Encuadernación Donación: Miguel Ángel Velasco
903 ## - NOMBRE PERSONAL DE DONANTE
a Velasco, Miguel Ángel,
d 1939-
e Donante
9 147298
942 ## - ELEMENTOS DE ENTRADA SECUNDARIOS (KOHA)
Fuente del sistema de clasificación o colocación Clasificación decimal universal
Tipo de ítem Koha Libro impreso
Holdings
Estatus retirado Estado de pérdida Fuente del sistema de clasificación o colocación Estado de daño No para préstamo Biblioteca de origen Biblioteca actual Ubicación en estantería Fecha de adquisición Fuente de adquisición Total de préstamos Signatura topográfica completa Código de barras Visto por última vez Precio de reemplazo Tipo de ítem Koha
    Clasificación decimal universal     Biblioteca del Ateneo de Madrid Biblioteca del Ateneo de Madrid Depósito 1 24/08/2011 Donación   A-11436 1188081 23/02/2023 23/02/2023 Libro impreso